Every airport in the UK with over 100000 passengers a year - Statistics

General Stats
  • This quiz has been taken 423 times
  • The average score is 22 of 35
Answer Stats
IATA code Passenger count Answer % Correct
EDI 15 780k Edinburgh
99%
IOM 639k Isle of man
99%
LHR 83 882k London Heathrow
99%
MAN 30 789k Manchester
99%
GLA 8 067k Glasgow
98%
LTN 16 939k London Luton
94%
BHX 12 848k Birmingham
93%
LPL 5 074k Liverpool
93%
LGW 43 249k London Gatwick
93%
BRS 10 615k Bristol
91%
NCL 5 143k Newcastle
91%
CWL 875k Cardiff
85%
STN 29 694k London Stansted
84%
SOU 852k Southampton
84%
INV 797k Inverness
83%
ABZ 2 300k Aberdeen
82%
EXT 449k Exeter
79%
JER 1 469k Jersey
72%
LCY 3 573k London City
67%
NWI 415k Norwich
58%
LBA 4 222k Leeds Bradford
54%
NQY 415k Newquay
54%
GCI 684k Guernsey
52%
LDY 179k City of Derry
45%
EMA 4 133k East Midlands
44%
BOH 1 088k Bournemouth
43%
SEN 287k London Southend
40%
BFS 6 750k Belfast International
30%
BHD 2 391k Belfast City
28%
PIK 535k Glasgow Prestwick
20%
KOI 149k Kirkwall
16%
MME 228k Teesside
16%
HUY 150k Humberside
13%
SYY 101k Stornoway
12%
LSI 289k Sumburgh
7%
No matching quizzes found
Score Distribution
Percent of People with Each Score
Percentile by Number Answered
Your Score History
You have not taken this quiz